[Event "Sant Adria de Besos op 12th"]
[Site "Sant Adria de Besos"]
[Date "2016.04.10"]
[Round "1"]
[White "Serentill Tost, Eduard"]
[Black "Hernando Harto, Maria"]
[Result "1-0"]
[WhiteElo "1905"]
[BlackElo "1685"]
[PlyCount "38"]
[EventDate "2016.04.10"]
[EventType "swiss"]
[EventRounds "9"]
[EventCountry "ESP"]
[SourceTitle "EXT 2017"]
[Source "ChessBase"]
[SourceDate "2016.10.25"]
[SourceVersion "1"]
[SourceVersionDate "2016.10.25"]
[SourceQuality "1"]

1. e4 e5 2. Nf3 Nc6 3. Bb5 Bb4 4. c3 Ba5 5. 0-0 Nge7 6. d4 exd4 7. cxd4 0-0 8. Nbd2 d5 9. e5 Bg4 10. Qc2 Bxf3 11. Nxf3 Nb4 12. Qe2 c6 13. Ba4 Qb6 14. a3 Na6 15. b4 Nxb4 16. axb4 Bxb4 17. Bg5 Nf5 18. Qd3 Ne7 19. Rfb1 Qa5 1-0